00859nam a2200193 a 450000100100000000500170001000800410002704000250006808200150009311000330010824000180014124500470015926000930020630000250029959000270032495201130035195201840046499900170064800004291120201002040507.0140212s1968 dr 000 0 spa d aDO-SdBNPbspacBNPHU axxxxbxxxx1 aRepública Dominicana.944712a[Leyes, etc.]10aLey núm. 299 sobre incentivo industrial. aSanto Domingo :bDirección General de Información y Prensa de la Presidencia,c1968. a26, [1] p. ;c20 cm. aInventariado, 2018 /VM 0010718PDaPDbPDcHDd2014-02-12iLF1l0oxxxx xxxxp42911-10r2020-06-25w2020-06-25yLFPDZNo se presta 0010718PDaPDbPDcHDd2015-01-30iLF1l0oxxxx xxxxp42911-20r2020-06-25te.2w2020-06-25yLFPDzPerteneció a la biblioteca personal de la familia Reyes Duluc.ZNo se presta c42400d42400